000 00948nam a2200241 i 4500
003 DO-SdBNP
005 20230503092144.0
007 ta
008 230502e2003 dr a|||gr|||| 00| u spa d
040 _aDO-SdBNP
_bspa
_cBNPHU
_erda
082 4 _222
_bD431s
245 0 3 _aLos derechos son de tod@s:
_bconozcamos nuestros derechos en el nuevo código procesal penal. nuevo código /
_cDiseño, diagramación e ilustración de: Víctor Nolasco-Trueke
246 0 7 _aCódigo Procesal Penal :
_bnuevo código
264 _aSanto Domingo :
_bBúho,
_c2003
300 _a35 páginas :
_bilustraciones ;
_c25 cm
336 _2rdaconten
_atexto
_btxt
337 _2redamedia
_asin medición
_bn
338 _2rdacarreir
_avolumen
_bnc
590 _aInventariado 2023 / MF
700 1 _aNolasco-Trueke, Víctor
_ediseño, diagramación e ilustración
_983315
710 1 _91886
_aFundación Institucionalidad y Justicia (República Dominicana)
942 _2ddc
_cLBS1
999 _c53390
_d53390